|
|
|
|
| LEADER |
00000nab a2200000 4500 |
| 001 |
vtls008694892 |
| 003 |
SK-MaSNL |
| 005 |
20260303121951.0 |
| 008 |
041111 1961 xo r slo |
| 015 |
|
|
|a SNBRRADKK190120XX
|
| 035 |
|
|
|a CLAS02vtls000002152
|
| 040 |
|
|
|a SNKNBURBDKK
|b slo
|c SNKNBURBDKK
|e AACR2
|
| 041 |
0 |
|
|a slo
|
| 044 |
|
|
|a xo
|c SK
|
| 080 |
|
|
|a 02
|2 UDC-MRF-SK2
|
| 245 |
0 |
0 |
|a Doslov
|c Redakcia
|
| 520 |
3 |
|
|a Krátky článok, ktorý stručne popisuje obsah Knižničného sborníka 1961
|
| 650 |
0 |
7 |
|a knihovníctvo
|2 SNKNBURBDKK
|9 1557
|
| 773 |
0 |
|
|t Knižničný sborník 1961
|d Martin: Matica slovenská, 1961, s. 198
|
| 856 |
4 |
1 |
|u http://www.viks.sk/dkk/KS61_198.doc
|y plný text
|
| 910 |
|
|
|a bdkk
|a memoriask
|
| 999 |
|
|
|c 1918429
|d 1920359
|